Central Library OPAC University of Rajshahi

My soul's agony: (Record no. 22344)

MARC details
000 -LEADER
fixed length control field 00705nam a2200205 a 4500
001 - CONTROL NUMBER
control field 22344
003 - CONTROL NUMBER IDENTIFIER
rucl marc code BD-RjUL
005 - DATE AND TIME OF LATEST TRANSACTION
control field 20211209000809.0
008 - FIXED-LENGTH DATA ELEMENTS--GENERAL INFORMATION
fixed length control field 190312s1933 ii | 00| 0 eng
035 ## - SYSTEM CONTROL NUMBER
System control number (BD-RjUL) 22409
040 ## - CATALOGING SOURCE
Original cataloging agency BD-RjUL
Transcribing agency BD-RjUL
Modifying agency BD-RjUL
Language of cataloging eng
041 ## - LANGUAGE CODE
Language code of text/sound track or separate title eng
082 ## - DEWEY DECIMAL CLASSIFICATION NUMBER
Classification number 305.56880954
Author mark and year GAM 1933
Edition number 23
100 1# - MAIN ENTRY--PERSONAL NAME
Personal name Gandhi, Mahatma
9 (RLIN) 229274
245 10 - TITLE STATEMENT
Title My soul's agony:
Remainder of title Being Gandhiji's statements issue from Yeravda Prison on the removal of untouchability among Hindus /
Statement of responsibility, etc. Mahatma Gandhi
260 ## - PUBLICATION, DISTRIBUTION, ETC. (IMPRINT)
Place of publication, distribution, etc. Bombay :
-- Bombay Provincial Board, Servants of Untouchables Society,
Name of publisher, distributor, etc. [1933?]
300 ## - PHYSICAL DESCRIPTION
Pagination [4], 154 p. ;
Size 19 cm
650 ## - SUBJECT ADDED ENTRY--TOPICAL TERM
Topical term or geographic name as entry element Dalits.
Geographic subdivision India
9 (RLIN) 229275
942 ## - ADDED ENTRY ELEMENTS (KOHA)
Source of classification or shelving scheme Dewey Decimal Classification
Koha item type Rare Books
Holdings
Lost status Source of classification or shelving scheme Damaged status Not for loan Collection code Permanent Location Current Location Shelving location Date acquired Source of acquisition Cost, normal purchase price Total Checkouts Full call number Date last seen Copy number Koha item type
  Dewey Decimal Classification   Not For Loan Rare Books Central Library, University of Rajshahi Central Library, University of Rajshahi Rare Book Section 19/10/1963 Pak Law House 20.00   RA 305.56880954 GAM 1933 12/03/2019 C-1 Rare Books